000 01815nam a2200541 i 4500
001 24435
003 KOSZ 005
005 20200406130811.0
008 970513s1992 pl a f |001 0 pol
015 _aUWD 1992/10330
020 _a8320414504
035 _a991001536349705066
035 _a(PL-WaBN)b10438877-48omnis_nlop
035 _ab10438877
035 _a(OCoLC)830059975
035 _a(PL)b0000001043887
035 _a(EXLNZ-48OMNIS_NETWORK)9910244867905606
040 _aWA N
_cWA N
_dKOSZ 005/EG
080 _a66.01/.09
080 _a532
080 _a541.1
080 _a(075.8)
100 1 _aSelecki, Anatol
_d(1914-2002)
_eAutor
245 1 0 _aPodstawy projektowania wybranych procesów rozdzielania mieszanin /
_cAnatol Selecki, Roman Gawroński.
260 _aWarszawa :
_bWydawnictwa Naukowo-Techniczne,
_c1992.
300 _a292, [1] s. :
_brys., wykr. ;
_c24 cm.
336 _2rdacontent
_aTekst
_btxt
337 _2rdamedia
_aBez urządzenia pośredniczącego
_bn
338 _2rdacarrier
_aWolumin
_bnc
380 _aKsiążki
380 _aPublikacje dydaktyczne
385 _mPoziom nauczania
_aSzkoły wyższe
388 _a1901-2000
490 1 _aInżynieria Chemiczna
504 _aBibliogr. przy rozdz. - Indeks.
650 7 _aMieszaniny
_2DBN
650 7 _aMetody
650 7 _aTechnologia chemiczna
_2DBN
655 7 _aPodręczniki akademickie
_2DBN
658 _aChemia
658 _aInżynieria i technika
700 1 _aGawroński, Roman
_eAutor
710 2 _aWydawnictwa Naukowo-Techniczne
_4pbl
830 0 _aInżynieria Chemiczna
856 _uhttp://koha.tu.koszalin.pl/cgi-bin/koha/opac-detail.pl?biblionumber=24435
_yKatalog online BPK
942 _2UKD
_cKS
999 _c24435
_d24435